[Event "Porto Sant Elpidio op 4th"]
[Site "Porto Sant Elpidio"]
[Date "2001.11.03"]
[Round "5"]
[White "Di Donatantonio, Franco"]
[Black "Fioravanti, Emidio"]
[Result "1/2-1/2"]
[WhiteElo "1789"]
[BlackElo "1720"]
[PlyCount "50"]
[EventDate "2001.11.01"]
[EventType "swiss"]
[EventRounds "6"]
[EventCountry "ITA"]
[SourceTitle "EXT 2024"]
[Source "ChessBase"]
[SourceDate "2023.10.10"]
[SourceVersion "1"]
[SourceVersionDate "2023.10.10"]
[SourceQuality "1"]

1. e4 c5 2. Nf3 d6 3. Bb5+ Nc6 4. 0-0 a6 5. Bxc6+ bxc6 6. Re1 e5 7. c3 Bg4 8. d4 cxd4 9. cxd4 Bxf3 10. Qxf3 exd4 11. e5 d5 12. Qg4 c5 13. b4 Qc8 14. e6 Nf6 15. Qf5 fxe6 16. bxc5 Bxc5 17. Rxe6+ Kf7 18. Rxf6+ gxf6 19. Qh5+ Ke7 20. Nd2 Qe6 21. Nf3 Rag8 22. Bf4 Bb4 23. Nxd4 Qg4 24. Nc6+ Ke6 25. Nd4+ Ke7 1/2-1/2

[Event "Castelfidardo op 4th"]
[Site "Castelfidardo"]
[Date "2000.12.02"]
[Round "4"]
[White "Fioravanti, Emidio"]
[Black "Cerusico, Carlo"]
[Result "1-0"]
[WhiteElo "1825"]
[BlackElo "1431"]
[PlyCount "73"]
[EventDate "2000.11.25"]
[EventType "swiss"]
[EventRounds "6"]
[EventCountry "ITA"]
[SourceTitle "EXT 2008"]
[Source "ChessBase"]
[SourceDate "2007.11.25"]
[SourceVersion "1"]
[SourceVersionDate "2007.11.25"]
[SourceQuality "1"]

1. e4 e6 2. d4 d5 3. e5 c5 4. c3 Nc6 5. Nf3 Qb6 6. Bd3 Bd7 7. dxc5 Bxc5 8. 0-0 a6 9. Qe2 Qc7 10. Bf4 Nge7 11. Nbd2 Ng6 12. Bg3 0-0-0 13. b4 Bb6 14. b5 axb5 15. Bxb5 h6 16. Nb3 Nge7 17. a4 Na5 18. Nxa5 Bxa5 19. c4 Bc6 20. Bxc6 Nxc6 21. Rfc1 d4 22. Rab1 g5 23. Rb5 d3 24. Qe3 Bb4 25. Rd1 Qd7 26. Qb6 Qe7 27. a5 Bxa5 28. Rxa5 Nxa5 29. Qxa5 Qc7 30. Qa8+ Qb8 31. Qa3 Rd7 32. h3 Rhd8 33. Nd2 b6 34. Ne4 Ra7 35. Nd6+ Rxd6 36. Qxd6 Rd7 37. Qf8+ 1-0

[Event "Porto Sant Elpidio op-A 2nd"]
[Site "Porto Sant Elpidio"]
[Date "1999.10.23"]
[Round "4"]
[White "Ragnini, Damiano"]
[Black "Fioravanti, Emidio"]
[Result "0-1"]
[WhiteElo "1380"]
[BlackElo "1717"]
[PlyCount "104"]
[EventDate "1999.10.16"]
[EventType "swiss"]
[EventRounds "6"]
[EventCountry "ITA"]
[SourceTitle "EXT 2024"]
[Source "ChessBase"]
[SourceDate "2023.10.10"]
[SourceVersion "1"]
[SourceVersionDate "2023.10.10"]
[SourceQuality "1"]

1. e4 e5 2. f4 d5 3. Nf3 Bg4 4. d3 dxe4 5. h3 Be6 6. Ng5 Bd5 7. dxe4 f6 8. Qxd5 Qxd5 9. exd5 fxg5 10. fxe5 Be7 11. Nc3 a6 12. Bd2 Nd7 13. e6 Nb6 14. Ne4 Nxd5 15. Nxg5 Nh6 16. Bd3 0-0-0 17. Rf1 Nb4 18. Nf7 Nxd3+ 19. cxd3 Bh4+ 20. Ke2 Nxf7 21. exf7 Be7 22. Rf3 Rhf8 23. Rc1 Rd6 24. Rc4 Rf6 25. Bf4 Bd8 26. Bg5 Rxf3 27. Bxd8 R3xf7 28. Bh4 Rf4 29. Rxf4 Rxf4 30. Bg3 Rf5 31. Ke3 Kd7 32. Ke4 Rc5 33. Be5 g6 34. h4 c6 35. g3 Ke6 36. Bh8 Rc2 37. Bg7 Re2+ 38. Kf4 Rf2+ 39. Ke4 c5 40. Bh8 Rf5 41. Bc3 g5 42. h5 g4 43. h6 Rf3 44. Be5 Rxd3 45. Kxd3 Kxe5 46. b3 b5 47. a3 c4+ 48. bxc4 bxc4+ 49. Kxc4 Ke4 50. Kc3 Kf3 51. Kd2 Kxg3 52. Ke3 Kh2 0-1